Vapor-Liquid Equilibrium Data Collection Vol. I, Part 7b (in conjunction with Part 7a) Aromatic Hydrocarbons. Supplement 1 C8 - C14

Enregistré dans:
Détails bibliographiques
Auteur principal: Gmehling, Jürgen
Autres auteurs: Onken, U.
Format: Livre
Langue:anglais
Publié: Frankfurt/Main DECHEMA 2000
Édition:1. ed.
Collection:Chemistry Data Series, Vol. I, Part 7b (in conjunction with Part 7a)
Sujets:
Accès en ligne:Voir à l'OPAC
Tags: Ajouter un tag
Pas de tags, Soyez le premier à ajouter un tag!

MARC

LEADER 00000nam a2200000 a 4500
005 20260127134032.0
008 050405 2000 gw 000 0 eng d
020 |a 3897460122 
035 |a vtls001522383 
039 9 |y 200504051232  |z mschk03 
040 |a STUSCHK1  |b slo  |c STUSCHK1  |e AACR2 
080 |a 541.121/.123 
100 1 |a Gmehling, Jürgen 
245 1 |a Vapor-Liquid Equilibrium Data Collection  |b Vol. I, Part 7b (in conjunction with Part 7a) Aromatic Hydrocarbons. Supplement 1 C8 - C14 
250 |a 1. ed. 
260 |a Frankfurt/Main  |b DECHEMA  |c 2000 
300 |a xxiii, 789 s. 
490 0 |a Chemistry Data Series, Vol. I, Part 7b (in conjunction with Part 7a) 
650 0 |a Aromatic hydrocarbons 
700 1 |a Onken, U. 
910 |a SCHK95 
919 |a 3-89746-012-2 
999 |c 2566  |d 2566